Normal view
MARC view
- América Latina
Entry Nombre Geográfico
001 - NÚMERO DE CONTROL
- campo de control: 2733
003 - IDENTIFICADOR DE NUMERO DE CONTROL
- campo de control: MX-MxUPN
005 - FECHA Y HORA DE LA ÜLTIMA TRANSACCIÓN
- campo de control: 20250306152604.0
008 - DATOS DE LONGITUD FIJA
- campo de control de longitud fija: 250306n| fcnnnbabn | ana |d
035 ## - NÚMERO DE CONTROL
- Número de control: UPN10000002733
040 ## - FUENTE DE CATALOGACIÓN
- Agencia de catalogación original: MX-MxUPN
- Lenguaje de catalogación: spa
- Agencia de transcripción: MX-MxUPN
053 #4 - NÚMERO DE CLASIFICACIÓN LC
- Elemento de número de clasificación-número único o número de inicio de tramo: F1408.3
151 ## - ENCABEZAMIENTO - NOMBRE GEOGRÁFICO
- Nombre geográfico: América Latina
- Subdivisión general : Civilización
670 ## - FUENTE EN LA QUE SE LOCALIZARON DATOS
- Cita de la fuente: R
902 ## - CATALOGADOR
- Catalogador: MEEG/041096
